शिक्षा दर्शन (Record no. 2965)

MARC details
000 -LEADER
fixed length control field 01072 a2200217 4500
005 - DATE AND TIME OF LATEST TRANSACTION
control field 2008091007577.0
008 - FIXED-LENGTH DATA ELEMENTS--GENERAL INFORMATION
fixed length control field 080910t xxu||||| |||| 00| 0 hin d
010 ## - LIBRARY OF CONGRESS CONTROL NUMBER
LC control number HIN-79557
020 ## - INTERNATIONAL STANDARD BOOK NUMBER
International Standard Book Number 8189612492
Terms of availability 595.00
035 ## - SYSTEM CONTROL NUMBER
System control number HN-51903
037 ## - SOURCE OF ACQUISITION
Source of stock number/acquisition D.B.Act / pub
082 ## - DEWEY DECIMAL CLASSIFICATION NUMBER
Classification number 370.1
100 ## - MAIN ENTRY--PERSONAL NAME
Personal name श्याम सिंह
245 ## - TITLE STATEMENT
Title शिक्षा दर्शन
Statement of responsibility, etc श्याम सिंह
246 ## - VARYING FORM OF TITLE
Title proper/short title Shiksha Darshan
Remainder of title by Shyam Singh
260 ## - PUBLICATION, DISTRIBUTION, ETC. (IMPRINT)
Place of publication, distribution, etc नई दिल्ली
Name of publisher, distributor, etc ओमेगा पब्लिकेशन्स
Date of publication, distribution, etc 2006
270 ## - ADDRESS
Address 4398/5, अंसारी रोड, दरियागंज
City नई दिल्ली
Postal code 110002
Telephone number 55901906
Electronic mail address gph2004@yahoo.com.in
300 ## - PHYSICAL DESCRIPTION
Extent 268पृ
Dimensions 22 सेमी (सजिल्द)
942 ## - ADDED ENTRY ELEMENTS (KOHA)
Institution code [OBSOLETE] dpl
Koha item type Hindi Books
Call number prefix 370.1 / श्यामसिं
Source of classification or shelving scheme Dewey Decimal Classification
Classification part 370.1
Call number suffix श्यामसिं
Holdings
Withdrawn status Lost status Damaged status Not for loan Home library Current library Date acquired Cost, normal purchase price Total Checkouts Full call number Barcode Date last seen Copy number Uniform Resource Identifier Cost, replacement price Price effective from Koha item type
        D.B.Act.Division D.B.Act.Division 10/09/2008 595.00   370.1 श्यामसिं HN-51903 15/09/2008 1 3158 595.00 15/09/2008 Hindi Books

© Delhi Public Library
Hit Counter
free hit counter